000 00290nam a2200133Ia 4500
100 _aIntel
942 _cRB
654 _aComputer
245 _aMultimedia & Supercomputing Processors
260 _bIntel Publication
_aUSA
_c1992
082 _a4.35
_bPAN
546 _aENGLISH
999 _c27696
_d27696